000 00403cam a2200169ua 4500
020 _c6.50
041 _aeng
_h
082 _a828.09
_bMUL/TH
100 _aMullik, B.R.
245 _aTheory of novel vol-5 /
_cB R Mullik.
_hTextual Documents
260 _aNew Delhi :
_bS.Chand and Co ,
_c1960.
300 _a86 ; .
365 _a6.50
504 _a
942 _cBK
999 _c5340
_d5340